| 000 | 00363nam a22001217a 4500 | ||
|---|---|---|---|
| 008 | 180421b xxu||||| |||| 00| 0 eng d | ||
| 041 | _aeng | ||
| 080 | _a043.3 | ||
| 100 | _a0 | ||
| 101 | _aSHKI-BA | ||
| 245 |
_aKrashasimi i platformave per zhvillim IOS dhe Android per nga performanca, siguria dhe dizajni i nderfaqes se perdoruesit _cMati, A |
||
| 942 |
_2udc _cBK |
||
| 999 |
_c45407 _d45407 |
||